000 00644nam a2200253Ia 4500
001 29707
005 20240114001144.0
007 ta
008 060703s1964 a g b000 u asm u
040 _aCotton College,Assam
041 _aasm
082 _a291.35
_bB 651 T
100 _aGoswami, Hemchandra .
245 0 _aTirtha Patha /
_cHemchandra Goswami.
_hTextual Documents
250 _a1st ed. /
260 _aGuwahati :
_bHemchandra Goswami ,
_c1964.
300 _a186p. :
_bill ;
_c22cm .
653 _aTemple
653 _aG-Religion
942 _2ddc
_cBK
999 _c29689
_d29689